000 00717nam a2200289Ia 4500
005 20260324125729.0
008 008 260324s9999 xx 000 0 eng d
020 _a9780429471438
037 _aEBOOK
040 _aCRL
040 _beng
040 _cCRL
041 _2eng
041 _aeng
084 _qCRL
100 _aAndrea Clifford-Poston
_91179095
245 2 _aA Playworker's Guide to Understanding Children's Behaviour
245 0 _bWorking with the 8-12 Age Group
260 _bTaylor and Francis
260 _c2008
365 _a
365 _b205
856 _uhttp://www.taylorfrancis.com/books/9780429471438
942 _cEBOOK
999 _c1774625
_d1774625